[Event "Berlin"]
[Site "Berlin"]
[Date "1972.??.??"]
[Round "?"]
[White "Goehring, K."]
[Black "Huebner, R."]
[Result "1-0"]
[WhiteElo "2355"]
[BlackElo "2625"]
[PlyCount "91"]
[EventDate "1972.??.??"]
[Source "www.chesslib.no"]
[SourceDate "2004.05.04"]

1. d4 Nf6 2. c4 c5 3. d5 e6 4. Nc3 exd5 5. cxd5 d6 6. e4 g6 7. Nf3 Bg7 8. Be2 O-O 9. O-O Re8 10. Nd2 b6 11. f3 Ba6 12. Bxa6 Nxa6 13. Nc4 Nc7 14. a4 Nh5 15. g4 Nf6 16. Bf4 Bf8 17. Qd2 Rb8 18. Bg3 a6 19. Qf4 h6 20. h4 b5 21. Nxd6 b4 22. Nxe8 Nfxe8 23. Ne2 c4 24. Rfc1 Bd6 25. Qxh6 Qf6 26. Bxd6 Nxd6 27. Qf4 Qxf4 28. Nxf4 c3 29. bxc3 b3 30. Rab1 Nc4 31. Nd3 f5 32. Kf2 fxe4 33. fxe4 Nd2 34. Ke3 Nxb1 35. Rxb1 Kf7 36. Nc5 b2 37. Nd3 Rb3 38. Rxb2 Rxc3 39. Kd4 Ra3 40. Rb7 Rxa4+ 41. Ke5 Rc4 42. d6 Ke8 43. Rxc7 Ra4 44. Nc5 Rc4 45. Ke6 Kd8 46. Nb7+ 1-0

[Event "6th Dubai Open"]
[Site "Dubai"]
[Date "2004.04.23"]
[Round "5.9"]
[White "Nadera, Barlo A"]
[Black "Minasian, Artashes"]
[Result "0-1"]
[WhiteElo "2390"]
[BlackElo "2585"]
[PlyCount "90"]
[EventDate "2004.04.19"]
[Source "Roberto Alvarez"]
[SourceDate "2004.05.03"]

1. d4 c5 2. d5 g6 3. c4 Bg7 4. Nc3 d6 5. e4 e6 6. Be2 exd5 7. cxd5 Nf6 8. Nf3 O-O 9. Nd2 Nbd7 10. O-O Re8 11. Re1 a6 12. a4 b6 13. h3 Rb8 14. Qc2 Qe7 15. Ra3 Qf8 16. Qb1 Bh6 17. Bf1 Ne5 18. Rd1 Nfd7 19. Ne2 Bxd2 20. Bxd2 Nc4 21. Rg3 Nxd2 22. Rxd2 b5 23. axb5 Rxb5 24. Nc3 Rb4 25. Qa2 Qh6 26. Rc2 Rb7 27. Qa4 Qf4 28. Re3 Rb4 29. Qc6 Rb6 30. Qa4 Qf6 31. Rd2 Rb4 32. Qa2 Ne5 33. b3 Bd7 34. Bxa6 Ra8 35. Qa1 Bc8 36. Ra2 Rxa6 37. Rxa6 Bxa6 38. Qxa6 Rxb3 39. Qa2 c4 40. Qc2 Ra3 41. Qc1 Ra8 42. Qd2 Nd3 43. g3 Rb8 44. Nd1 Rb1 45. f4 Qa1 0-1

[Event "LXI Lega superiore camp. russo"]
[Site "Novokuznetsk RUS"]
[Date "2008.09.10"]
[Round "7"]
[White "Klimov, A."]
[Black "Rychagov, A."]
[Result "1/2-1/2"]
[WhiteElo "2423"]
[BlackElo "2549"]
[PlyCount "194"]
[EventDate "2008.09.03"]
[Source "www.chesslib.no"]
[SourceDate "2004.05.04"]

1. d4 Nf6 2. c4 c5 3. d5 e6 4. Nc3 exd5 5. cxd5 d6 6. Nf3 g6 7. Nd2 Bg7 8. e4 O-O 9. Be2 Re8 10. O-O a6 11. a4 Nbd7 12. Ra3 Rb8 13. Qc2 Ne5 14. a5 g5 15. Re1 h6 16. Nd1 Ng6 17. Ne3 Qe7 18. f3 g4 19. fxg4 Nxe4 20. Nxe4 Qxe4 21. Bd3 Qe7 22. Bxg6 fxg6 23. Qxg6 Qe4 24. Qxd6 Bxg4 25. Bd2 Kh7 26. Bc3 Bd4 27. Bxd4 cxd4 28. Ra4 Rbd8 29. Qc5 Rxd5 30. Qxd5 Qxd5 31. Nxd5 Rxe1+ 32. Kf2 Re2+ 33. Kf1 Re6 34. Rxd4 Be2+ 35. Kf2 Bb5 36. Nf4 Rf6 37. h4 b6 38. axb6 Rxb6 39. b4 Rc6 40. Kg3 Rc7 41. Nd5 Rc4 42. Rxc4 Bxc4 43. Ne3 Bb5 44. Kf4 Kg6 45. g4 Be2 46. Nf5 Bb5 47. Ke5 Be2 48. Ne3 Bf3 49. Kf4 Be2 50. Nc2 Bb5 51. Nd4 Ba4 52. Nf3 Bd1 53. Ne5+ Kf6 54. Nc4 Be2 55. Nd6 Kg6 56. Nf5 Bd1 57. h5+ Kh7 58. Ne3 Be2 59. Ke5 Kg7 60. Ke6 Bf3 61. Ke5 Be2 62. Nf5+ Kh7 63. Kf4 Bd1 64. Kg3 Be2 65. Kh4 Bd3 66. Ne3 Kg7 67. g5 hxg5+ 68. Kxg5 Be2 69. h6+ Kh7 70. Ng4 Bd3 71. Nf6+ Kh8 72. Nd7 Kh7 73. Nf6+ Kh8 74. Kh5 Be2+ 75. Kg6 Bd3+ 76. Kg5 Bf1 77. Nd7 Bd3 78. Ne5 Bc2 79. Ng4 Kh7 80. Nf6+ Kh8 81. Kf4 Bd3 82. Ke5 Bf1 83. Kd6 Be2 84. Kc7 Bf1 85. Kb6 Be2 86. Ne4 Kh7 87. Nc5 Kxh6 88. Nxa6 Kg6 89. Nc7 Kf6 90. Nd5+ Ke5 91. Kc5 Bd3 92. Nb6 Ke6 93. Nc4 Be2 94. b5 Bxc4 95. Kxc4 Kd6 96. b6 Kc6 97. Kb4 Kxb6 1/2-1/2

[Event "Netanya"]
[Site "Netanya"]
[Date "1971.??.??"]
[Round "?"]
[White "Janosevic, D."]
[Black "Browne, W."]
[Result "1-0"]
[WhiteElo "2460"]
[BlackElo "2510"]
[PlyCount "73"]
[EventDate "1971.06.??"]
[Source "www.chesslib.no"]
[SourceDate "2004.05.04"]

1. d4 Nf6 2. c4 c5 3. d5 e6 4. Nc3 exd5 5. cxd5 d6 6. e4 g6 7. Nf3 Bg7 8. Be2 O-O 9. O-O Re8 10. Nd2 a6 11. a4 Nbd7 12. f3 Ne5 13. Kh1 Rb8 14. a5 g5 15. Nc4 Nxc4 16. Bxc4 Nh5 17. Bd2 Be5 18. Qc1 Nf4 19. Ne2 Qf6 20. Nxf4 gxf4 21. Bc3 b5 22. axb6 Rxb6 23. Ra2 Qh4 24. Rg1 Kf8 25. b3 Bxc3 26. Qxc3 Re5 27. g3 fxg3 28. Rxg3 Rb4 29. Bxa6 Rh5 30. Qg7+ Ke8 31. Bxc8 Rxb3 32. Bd7+ Ke7 33. Be6 Rb1+ 34. Rg1 Rxg1+ 35. Qxg1 Rg5 36. Qa1 fxe6 37. Ra7+ 1-0

[Event "Open"]
[Site "Porto San Giorgo"]
[Date "2003.08.26"]
[Round "6"]
[White "Burmakin, Vladimir"]
[Black "Orlov, Andrey"]
[Result "1-0"]
[WhiteElo "2575"]
[BlackElo "2391"]
[PlyCount "73"]
[EventDate "2003.08.21"]
[Source "Roberto Alvarez"]
[SourceDate "2003.09.01"]

1. d4 Nf6 2. Nf3 e6 3. c4 c5 4. d5 exd5 5. cxd5 d6 6. Nc3 g6 7. e4 Bg7 8. Nd2 a6 9. a4 Nbd7 10. Be2 O-O 11. O-O Re8 12. h3 Rb8 13. Qc2 Qc7 14. Re1 c4 15. Nxc4 b5 16. axb5 axb5 17. Ne3 Nxe4 18. Nxb5 Qxc2 19. Nxc2 Ndf6 20. Ne3 Bd7 21. Na7 Nc5 22. Nc6 Rbc8 23. Ra7 Nb3 24. Bc4 Nxc1 25. Rxc1 Bh6 26. Rc3 Ra8 27. Rxa8 Rxa8 28. Ra3 Re8 29. b4 Bf4 30. b5 Bxc6 31. dxc6 d5 32. g3 Bc7 33. Nxd5 Nxd5 34. Bxd5 Re5 35. Bc4 Rc5 36. Ra8+ Kg7 37. Ra7 1-0

[Event "Hartberg op"]
[Site "?"]
[Date "1991.??.??"]
[Round "?"]
[White "Phominyh, A."]
[Black "Moiseev, V."]
[Result "1-0"]
[WhiteElo "2505"]
[BlackElo "2460"]
[PlyCount "47"]
[EventDate "1991.??.??"]
[Source "www.chesslib.no"]
[SourceDate "2004.05.04"]

1. Nf3 Nf6 2. c4 e6 3. d4 c5 4. d5 exd5 5. cxd5 g6 6. Nc3 d6 7. Nd2 Nbd7 8. e4 Bg7 9. Be2 O-O 10. O-O Re8 11. a4 Ne5 12. Re1 Nh5 13. Bxh5 gxh5 14. Nf1 f5 15. Ng3 fxe4 16. Ncxe4 h6 17. h3 Rf8 18. Qxh5 Nd3 19. Bxh6 Nxe1 20. Rxe1 Qe7 21. Qg6 Qf7 22. Qxd6 Bd7 23. Bxg7 Kxg7 24. Qe5+ 1-0

[Event "Capablanca mem-A"]
[Site "Cuba"]
[Date "1993.??.??"]
[Round "3"]
[White "Gonzalez, Juan Carlos"]
[Black "Spangenberg, Hugo"]
[Result "1-0"]
[WhiteElo "2460"]
[BlackElo "2505"]
[PlyCount "83"]
[EventDate "1993.??.??"]
[Source "ChessBase"]

1. Nf3 c5 2. c4 g6 3. Nc3 Bg7 4. e3 Nf6 5. d4 O-O 6. d5 e6 7. Be2 exd5 8. cxd5 d6 9. O-O Re8 10. Nd2 Nbd7 11. e4 a6 12. a4 Ne5 13. Qc2 Qe7 14. Re1 g5 15. Ra3 Nfg4 16. Nd1 Rb8 17. a5 b5 18. axb6 Rxb6 19. Rg3 Rb4 20. h3 Nh6 21. Nc4 f6 22. Bd2 Rb8 23. Nde3 Ng6 24. Nf5 Nxf5 25. exf5 Ne5 26. Bh5 Rd8 27. Ba5 Rf8 28. Bd2 Qd7 29. Nxe5 dxe5 30. Be3 Qxf5 31. Qc1 Rd8 32. Bxc5 Qf4 33. Rge3 Bb7 34. Bb6 Rdc8 35. Qd2 Qa4 36. Bg4 Rc2 37. Qd1 Qc4 38. b3 Qb5 39. Qxc2 Qxb6 40. Be6+ Kh8 41. Rc3 Qd6 42. Rc7 1-0

[Event "Budapest Elekes"]
[Site "Budapest"]
[Date "1985.??.??"]
[Round "?"]
[White "Lukacs, Peter"]
[Black "Kindermann, Stefan"]
[Result "1/2-1/2"]
[WhiteElo "2470"]
[BlackElo "2490"]
[PlyCount "37"]
[EventDate "1985.05.??"]
[Source "ChessBase"]

1. d4 Nf6 2. c4 e6 3. Nf3 c5 4. d5 exd5 5. cxd5 d6 6. Nc3 g6 7. Nd2 Nbd7 8. e4 Bg7 9. Be2 O-O 10. O-O Re8 11. a4 Ne5 12. Ndb1 Nfg4 13. h3 Nh6 14. f4 Nd7 15. g4 f6 16. Na3 Nf7 17. Nc4 a6 18. Bd2 b6 19. Bd3 1/2-1/2

[Event "BBC TV"]
[Site "BBC TV"]
[Date "1981.??.??"]
[Round "?"]
[White "Browne, Walter S"]
[Black "Lobron, Eric"]
[Result "1/2-1/2"]
[WhiteElo "2555"]
[BlackElo "2405"]
[PlyCount "117"]
[EventDate "1981.??.??"]
[Source "www.chesslib.no"]
[SourceDate "2004.05.04"]

1. d4 Nf6 2. Nf3 e6 3. c4 c5 4. d5 exd5 5. cxd5 d6 6. Nc3 g6 7. Nd2 Bg7 8. e4 O-O 9. Be2 Nbd7 10. O-O Re8 11. a4 Ne5 12. Ra3 a6 13. Re1 b6 14. Nf1 Ra7 15. Ne3 g5 16. Nf5 Bxf5 17. exf5 Qc8 18. Bxg5 Qxf5 19. Bh4 Rae7 20. Rf1 c4 21. b3 Ng6 22. Bg3 b5 23. axb5 axb5 24. Nxb5 Rxe2 25. Nxd6 Qxd5 26. Nxe8 Rxe8 27. Qxd5 Nxd5 28. bxc4 Nc3 29. Bd6 Bd4 30. c5 Ne5 31. Bxe5 Rxe5 32. c6 Rc5 33. Ra8+ Kg7 34. Rc8 Ne2+ 35. Kh1 Bxf2 36. g3 Bxg3 37. hxg3 Nxg3+ 38. Kg2 Nxf1 39. Kxf1 Rc2 40. c7 h5 41. Kg1 h4 42. Kh1 h3 43. Kg1 Kh7 44. Ra8 Rxc7 45. Ra3 Rc1+ 46. Kh2 Rc6 47. Rf3 Kg7 48. Kxh3 Rf6 49. Kg4 Rg6+ 50. Kf5 f6 51. Ra3 Rg5+ 52. Kf4 Kg6 53. Ra8 Rf5+ 54. Kg4 Rf1 55. Ra6 Rb1 56. Ra4 f5+ 57. Kf4 Rf1+ 58. Kg3 Rg1+ 59. Kf3 1/2-1/2

[Event "Connecticut Foxwoods op-3"]
[Site "Connecticut"]
[Date "2001.04.12"]
[Round "1"]
[White "Goldin, Alexander"]
[Black "Fang, Joseph H"]
[Result "1-0"]
[WhiteElo "2696"]
[BlackElo "2263"]
[PlyCount "67"]
[EventDate "2001.04.13"]
[Source "www.chesslib.no"]
[SourceDate "2004.05.04"]

1. d4 Nf6 2. c4 c5 3. d5 e6 4. Nc3 exd5 5. cxd5 d6 6. Nf3 g6 7. Nd2 Nbd7 8. e4 Bg7 9. Be2 O-O 10. O-O a6 11. a4 Re8 12. Kh1 Ne5 13. h3 g5 14. Ra3 Ng6 15. Nf3 h6 16. Qc2 Qe7 17. Re1 g4 18. hxg4 Nxg4 19. Kg1 Rb8 20. g3 Bd7 21. a5 Qf6 22. Nd1 b5 23. axb6 Rxb6 24. Nd2 N4e5 25. Ne3 Bc8 26. Ndc4 Rb4 27. Bd2 Nxc4 28. Nxc4 Rb7 29. Bc3 Qe7 30. Bxg7 Kxg7 31. Qc3+ Kh7 32. Rxa6 Rb4 33. Rea1 f5 34. exf5 1-0

[Event "Ch Macedonia (team)"]
[Site "Struga (Macedonia)"]
[Date "2007.07.26"]
[Round "4"]
[White "Nestorovic Dejan (SCG)"]
[Black "Chatalbashev Boris (BUL)"]
[Result "1/2-1/2"]
[WhiteElo "2384"]
[BlackElo "2573"]
[PlyCount "102"]
[EventDate "2007.??.??"]
[Source "www.chesslib.no"]
[SourceDate "2004.05.04"]

1. d4 g6 2. c4 Bg7 3. e4 c5 4. d5 d6 5. Be2 e6 6. Nc3 exd5 7. cxd5 Nf6 8. Nf3 O-O 9. O-O Re8 10. Nd2 b6 11. a4 Na6 12. f3 Nb4 13. Nc4 Ba6 14. Nb5 Bxb5 15. axb5 Qe7 16. Re1 Nd7 17. Bf4 Ne5 18. Qd2 Nxc4 19. Bxc4 Qf6 20. Re2 h6 21. Rf1 Nc2 22. Qxc2 Qxf4 23. g3 Qg5 24. f4 Qg4 25. Kg2 Qd7 26. Qd3 g5 27. e5 dxe5 28. fxg5 e4 29. Rxe4 Rxe4 30. Qxe4 Re8 31. Qf3 hxg5 32. d6 Rf8 33. Qd5 Kh8 34. Qxg5 Qxd6 35. Qh5+ Qh6 36. Qxh6+ Bxh6 37. Rxf7 Rxf7 38. Bxf7 Kg7 39. Bc4 Kf6 40. Kf3 Bd2 41. Kg4 Kg6 42. h4 Be1 43. b3 Bf2 44. Bd3+ Kf6 45. Kh3 Ke5 46. g4 Kf4 47. g5 Be1 48. g6 Bc3 49. h5 Bg7 50. Kg2 Bh6 51. Kf2 Bg7 1/2-1/2

[Event "Vrnjacka Banja"]
[Site "?"]
[Date "1987.??.??"]
[Round "2"]
[White "Lukacs, P."]
[Black "Renet, O."]
[Result "1-0"]
[WhiteElo "2500"]
[BlackElo "2455"]
[PlyCount "59"]
[EventDate "1987.??.??"]
[Source "www.chesslib.no"]
[SourceDate "2004.05.04"]

1. d4 Nf6 2. c4 e6 3. Nf3 c5 4. d5 exd5 5. cxd5 d6 6. Nc3 g6 7. Nd2 Bg7 8. e4 O-O 9. Be2 Re8 10. O-O Nbd7 11. a4 Ne5 12. Ndb1 c4 13. Na3 a6 14. Bf4 b5 15. axb5 axb5 16. Naxb5 Ba6 17. Bxe5 Rxe5 18. Nd4 Re8 19. Nc6 Qc7 20. Qc2 Nd7 21. Rxa6 Rxa6 22. Nb5 Qb6 23. Nxd6 Rea8 24. Nxc4 Qc7 25. N4a5 R6a7 26. Rd1 Nf6 27. d6 Qb6 28. Nxa7 Qxa5 29. Nc6 Qg5 30. g3 1-0

[Event "Sarajevo"]
[Site "Sarajevo BIH"]
[Date "1981.??.??"]
[Round "7"]
[White "Langeweg, Kick"]
[Black "Psakhis, Lev B"]
[Result "0-1"]
[WhiteElo "2455"]
[BlackElo "2500"]
[PlyCount "36"]
[EventDate "1981.??.??"]
[Source "www.chesslib.no"]
[SourceDate "2004.05.04"]

1. d4 Nf6 2. c4 c5 3. d5 e6 4. Nc3 exd5 5. cxd5 d6 6. Nf3 g6 7. e4 Bg7 8. Be2 O-O 9. Nd2 Nbd7 10. O-O Re8 11. h3 g5 12. Nc4 Nxe4 13. Nxe4 Rxe4 14. Bd3 Rh4 15. Nxd6 Ne5 16. Nxc8 Rd4 17. Qe2 Rxd3 18. f4 gxf4 0-1

[Event "Tel Aviv Open"]
[Site "Tel Aviv ISR"]
[Date "1990.??.??"]
[Round "?"]
[White "Lahav, Ehud"]
[Black "Psakhis, Lev B"]
[Result "1/2-1/2"]
[WhiteElo "2380"]
[BlackElo "2570"]
[PlyCount "55"]
[EventDate "1990.??.??"]
[Source "www.chesslib.no"]
[SourceDate "2004.05.04"]

1. d4 Nf6 2. Nf3 e6 3. c4 c5 4. d5 d6 5. Nc3 exd5 6. cxd5 g6 7. Nd2 Nbd7 8. e4 Bg7 9. Be2 O-O 10. O-O Re8 11. h3 g5 12. Nc4 Nxe4 13. Nxe4 Rxe4 14. Nxd6 Rd4 15. Qc2 Nb6 16. Nxc8 Rxc8 17. Be3 Rb4 18. Bg4 Rxb2 19. Qc1 Rc7 20. Bxg5 Qxd5 21. Rd1 Bd4 22. Be3 Nc4 23. Bxd4 cxd4 24. Bf3 Qe5 25. Re1 Qf6 26. Re4 Rb6 27. Rg4+ Kf8 28. Bd5 1/2-1/2

[Event "Juarez zt"]
[Site "?"]
[Date "1993.??.??"]
[Round "?"]
[White "Vera"]
[Black "Bernal"]
[Result "0-1"]
[WhiteElo "2515"]
[BlackElo "2430"]
[PlyCount "79"]
[EventDate "1993.??.??"]
[Source "www.chesslib.no"]
[SourceDate "2004.05.04"]

1. d4 Nf6 2. c4 c5 3. d5 e6 4. Nc3 exd5 5. cxd5 d6 6. Nf3 g6 7. Nd2 Nbd7 8. e4 Bg7 9. Be2 O-O 10. O-O a6 11. a4 Re8 12. Ra3 Ne5 13. h3 g5 14. Nf3 Nxf3+ 15. Bxf3 h6 16. Qc2 b6 17. Bd2 Ra7 18. Ne2 g4 19. hxg4 Nxg4 20. Bxg4 Bxg4 21. Rg3 Bxe2 22. Bxh6 f5 23. Bxg7 Rxg7 24. Rxg7+ Kxg7 25. Qxe2 Rxe4 26. Qxa6 Qg5 27. Qb7+ Qe7 28. Qxb6 Rxa4 29. Qb3 Rg4 30. Qc3+ Qe5 31. Re1 Qxc3 32. bxc3 Rc4 33. Re3 Kf6 34. Kh2 f4 35. Re6+ Kf5 36. Rxd6 Rxc3 37. Rd8 Rd3 38. d6 Ke6 39. Re8+ Kd7 40. Rf8 0-1

[Event "JUG-ch"]
[Site "Belgrade"]
[Date "1999.??.??"]
[Round "5"]
[White "Antic, Dejan"]
[Black "Kovacevic, Aleksandar"]
[Result "1-0"]
[WhiteElo "2479"]
[BlackElo "2465"]
[PlyCount "121"]
[EventDate "1999.03.??"]
[Source "www.chesslib.no"]
[SourceDate "2004.05.04"]

1. d4 c5 2. d5 Nf6 3. Nf3 d6 4. c4 e6 5. Nc3 exd5 6. cxd5 g6 7. Nd2 Bg7 8. e4 O-O 9. Be2 a6 10. a4 Nbd7 11. O-O Re8 12. Ra3 b6 13. Qc2 Qc7 14. Kh1 Rb8 15. b3 Bb7 16. Nc4 Ne5 17. Ne3 Bc8 18. h3 g5 19. Nf5 Bxf5 20. exf5 g4 21. hxg4 Nexg4 22. Bxa6 Qe7 23. g3 Qe5 24. Bf4 Qd4 25. Qd2 Qb4 26. Nb1 Qxd2 27. Nxd2 Nxd5 28. Bxd6 Rbd8 29. Bb5 Rxd6 30. Bxe8 Nc7 31. Bxf7+ Kxf7 32. Nc4 Rh6+ 33. Kg2 Bd4 34. Ra2 Nd5 35. Re2 Kf6 36. Re6+ Kxf5 37. Rxh6 Nxh6 38. Rh1 Kg6 39. Re1 Kf7 40. Nd6+ Kf6 41. Re8 Ng4 42. f4 Nge3+ 43. Kf3 h5 44. Rb8 Nc2 45. Nc4 Kf5 46. Nxb6 Nc3 47. Rf8+ Kg6 48. f5+ Kg5 49. Re8 Na1 50. a5 Nxb3 51. a6 Nb5 52. Nc4 Bg7 53. Rg8 N3d4+ 54. Kf2 Nxf5 55. Ne3 Nxe3 56. Rxg7+ Kf6 57. Rb7 Nd1+ 58. Ke2 Ndc3+ 59. Kd3 Ke6 60. Kc4 Kd6 61. Rxb5 1-0

[Event "La Coruna Teresa Herrera op"]
[Site "?"]
[Date "1993.??.??"]
[Round "?"]
[White "Ubilava"]
[Black "Sion"]
[Result "0-1"]
[WhiteElo "2550"]
[BlackElo "2385"]
[PlyCount "74"]
[EventDate "1993.??.??"]
[Source "www.chesslib.no"]
[SourceDate "2004.05.04"]

1. c4 g6 2. Nc3 c5 3. e3 Bg7 4. d4 Nf6 5. Nf3 O-O 6. d5 d6 7. Be2 e6 8. O-O exd5 9. cxd5 a6 10. a4 Re8 11. Nd2 Nbd7 12. e4 Rb8 13. Re1 Nb6 14. a5 Na8 15. Bf1 b5 16. axb6 Nxb6 17. Ra3 Ng4 18. h3 Ne5 19. f4 Ned7 20. Nf3 Qc7 21. Kh1 c4 22. Be3 Nc5 23. Bd4 f6 24. Bxc5 Qxc5 25. Nd4 Bd7 26. Rxa6 f5 27. Ne6 Bxe6 28. dxe6 Rxe6 29. exf5 Rxe1 30. Qxe1 gxf5 31. Ra7 Kh8 32. Qe7 Rg8 33. Rc7 Qf2 34. Be2 Qxf4 35. Qf7 Qc1+ 36. Nd1 Qd2 37. Re7 Qe1+ 0-1

[Event "Bajmok"]
[Site "Bajmok"]
[Date "1980.??.??"]
[Round "?"]
[White "Bukic, Enver"]
[Black "Wedberg, Tom"]
[Result "1/2-1/2"]
[WhiteElo "2500"]
[BlackElo "2425"]
[PlyCount "50"]
[EventDate "1980.??.??"]
[Source "www.chesslib.no"]
[SourceDate "2004.05.04"]

1. d4 Nf6 2. c4 c5 3. d5 e6 4. Nc3 exd5 5. cxd5 d6 6. e4 g6 7. Nf3 Bg7 8. Be2 O-O 9. O-O Re8 10. Nd2 Nbd7 11. h3 a6 12. a4 g5 13. Nc4 Nxe4 14. Nxe4 Rxe4 15. Bd3 Rh4 16. Nxd6 Ne5 17. Nf5 Nxd3 18. Qxd3 c4 19. Qg3 Bxf5 20. Bxg5 Rg4 21. hxg4 Qxg5 22. gxf5 Qxg3 23. fxg3 Bxb2 24. Rab1 c3 25. Rxb2 cxb2 1/2-1/2